[Event "Mittelfrank Regionalliga Sud-Ost 2223"]
[Site "Mittelfranken"]
[Date "2023.02.05"]
[Round "6.7"]
[White "Zentgraf, Alexander"]
[Black "Simin, Vladimir"]
[Result "0-1"]
[WhiteElo "2103"]
[BlackElo "1892"]
[PlyCount "46"]
[EventDate "2022.10.09"]
[EventType "team-tourn"]
[EventRounds "9"]
[EventCountry "GER"]
[SourceTitle "EXT 2024"]
[Source "ChessBase"]
[SourceDate "2023.10.10"]
[SourceVersion "1"]
[SourceVersionDate "2023.10.10"]
[SourceQuality "1"]
[WhiteTeam "Groebenzell II"]
[BlackTeam "Ergolding"]
[WhiteTeamCountry "GER"]
[BlackTeamCountry "GER"]

1. c4 Nf6 2. g3 g6 3. Bg2 Bg7 4. Nc3 d6 5. e4 c5 6. Nge2 Nc6 7. d3 Bg4 8. f3 Bd7 9. Be3 0-0 10. Qd2 a6 11. h3 Qa5 12. 0-0 b5 13. f4 Rab8 14. g4 bxc4 15. dxc4 h5 16. g5 Nh7 17. Rad1 Rfd8 18. b3 e5 19. fxe5 dxe5 20. Qd5 Nd4 21. Qxf7+ Kh8 22. Qxg6 Be8 23. Rf7 Bxf7 0-1

[Event "Mittelfrank Regionalliga Sud-Ost 2223"]
[Site "Mittelfranken"]
[Date "2022.10.09"]
[Round "1.7"]
[White "Simin, Vladimir"]
[Black "Boehm, Bruno"]
[Result "1/2-1/2"]
[WhiteElo "1892"]
[BlackElo "1747"]
[PlyCount "45"]
[EventDate "2022.10.09"]
[EventType "team-tourn"]
[EventRounds "9"]
[EventCountry "GER"]
[SourceTitle "EXT 2024"]
[Source "ChessBase"]
[SourceDate "2023.10.10"]
[SourceVersion "1"]
[SourceVersionDate "2023.10.10"]
[SourceQuality "1"]
[WhiteTeam "Ergolding"]
[BlackTeam "Freising"]
[WhiteTeamCountry "GER"]
[BlackTeamCountry "GER"]

1. Nf3 d5 2. g3 Nf6 3. b3 c5 4. Bb2 e6 5. Bg2 Be7 6. 0-0 0-0 7. d3 Nc6 8. Nbd2 Bd7 9. e4 d4 10. e5 Nd5 11. a4 Ncb4 12. Nc4 b5 13. axb5 Bxb5 14. Nfd2 a6 15. Ne4 Rb8 16. Bc1 Bc6 17. Bd2 Bb5 18. Re1 Qc7 19. h4 Nc6 20. Bg5 Bxg5 21. hxg5 Nce7 22. Ncd6 Kh8 23. Bh3 1/2-1/2

[Event "Mittelfrank Regionalliga Sud-Ost 2122"]
[Site "Mittelfranken"]
[Date "2022.05.15"]
[Round "5.5"]
[White "Litzka, Matthias"]
[Black "Simin, Vladimir"]
[Result "1/2-1/2"]
[WhiteElo "2002"]
[BlackElo "1867"]
[PlyCount "40"]
[EventDate "2021.10.24"]
[EventType "team-tourn"]
[EventRounds "9"]
[EventCountry "GER"]
[SourceTitle "EXT 2024"]
[Source "ChessBase"]
[SourceDate "2023.10.10"]
[SourceVersion "1"]
[SourceVersionDate "2023.10.10"]
[SourceQuality "1"]
[WhiteTeam "Starnberg"]
[BlackTeam "Ergolding"]
[WhiteTeamCountry "GER"]
[BlackTeamCountry "GER"]

1. Nf3 Nf6 2. c4 g6 3. d4 Bg7 4. g3 0-0 5. Bg2 d6 6. 0-0 Nc6 7. Nc3 e5 8. d5 Na5 9. Nd2 c5 10. Qc2 Bd7 11. e4 Nh5 12. Ne2 f5 13. f4 exf4 14. Nxf4 Nxf4 15. Rxf4 Qe7 16. Nf1 Rae8 17. Bd2 b6 18. Re1 Bd4+ 19. Kh1 Qg7 20. b3 Nb7 1/2-1/2

[Event "Mittelfrank Regionalliga Sud-Ost 2122"]
[Site "Mittelfranken"]
[Date "2022.05.08"]
[Round "8.4"]
[White "Simin, Vladimir"]
[Black "Schmid, Franz"]
[Result "0-1"]
[WhiteElo "1867"]
[BlackElo "2066"]
[PlyCount "43"]
[EventDate "2021.10.24"]
[EventType "team-tourn"]
[EventRounds "9"]
[EventCountry "GER"]
[SourceTitle "EXT 2024"]
[Source "ChessBase"]
[SourceDate "2023.10.10"]
[SourceVersion "1"]
[SourceVersionDate "2023.10.10"]
[SourceQuality "1"]
[WhiteTeam "Ergolding"]
[BlackTeam "Passau II"]
[WhiteTeamCountry "GER"]
[BlackTeamCountry "GER"]

1. c4 g6 2. Nc3 Bg7 3. d4 Nf6 4. e4 d6 5. Be2 0-0 6. g4 c5 7. d5 e6 8. g5 Ne8 9. Be3 a6 10. Qd2 b5 11. cxb5 exd5 12. Nxd5 Bb7 13. Nh3 Bxd5 14. exd5 Qd7 15. Nf4 axb5 16. h4 Nc7 17. h5 Qf5 18. Bd3 Qe5 19. hxg6 fxg6 20. Rxh7 Rxf4 21. Rxg7+ Kxg7 22. 0-0-0 0-1

[Event "Niederbayernliga 1516"]
[Site "Bayern"]
[Date "2015.12.13"]
[Round "4.1"]
[White "Simin, Vladimir"]
[Black "Haselbeck, Franz"]
[Result "0-1"]
[WhiteElo "1846"]
[BlackElo "1829"]
[PlyCount "110"]
[EventDate "2015.10.11"]
[EventType "team-tourn"]
[EventRounds "9"]
[EventCountry "GER"]
[SourceTitle "EXT 2023"]
[Source "ChessBase"]
[SourceDate "2022.10.05"]
[SourceVersion "1"]
[SourceVersionDate "2022.10.05"]
[SourceQuality "1"]
[WhiteTeam "Ergolding"]
[BlackTeam "Deggendorf II"]
[WhiteTeamCountry "GER"]
[BlackTeamCountry "GER"]

1. c4 e5 2. Nc3 Bb4 3. g3 Bxc3 4. bxc3 d6 5. Bg2 Nc6 6. d4 Bd7 7. Nf3 e4 8. Ng5 f5 9. 0-0 h6 10. Nh3 g5 11. f3 Nf6 12. fxe4 fxe4 13. Nxg5 Qe7 14. Nh3 0-0-0 15. e3 Bg4 16. Qc2 h5 17. Nf4 Qg7 18. Nd5 Nxd5 19. cxd5 Ne7 20. Qxe4 h4 21. Rf4 Bd7 22. Rxh4 Rxh4 23. Qxh4 Rh8 24. Qf4 Rf8 25. Qe4 Bf5 26. Qh4 Bd3 27. e4 Qf7 28. Be3 Ng6 29. Qg4+ Kb8 30. h4 Rg8 31. Bg5 Rf8 32. Be3 Rg8 33. Qf3 Qxf3 34. Bxf3 Nxh4 35. Kf2 Ng6 36. g4 Rf8 37. Kg3 Bc4 38. Bh6 Rh8 39. Rh1 Bxa2 40. g5 c6 41. dxc6 bxc6 42. Rf1 Bc4 43. Rb1+ Kc7 44. Bg7 Rg8 45. Bf6 a5 46. Ra1 Ra8 47. Bh5 Bf7 48. c4 a4 49. Ra3 Kb6 50. Be2 Ka5 51. d5 Kb4 52. Ra1 Ne5 53. Be7 Kc5 54. dxc6 Nxc6 55. Rd1 Nxe7 0-1

[Event "Niederbayernliga 1516"]
[Site "Bayern"]
[Date "2015.11.15"]
[Round "3.2"]
[White "Simin, Vladimir"]
[Black "Schmaus, Horst"]
[Result "0-1"]
[WhiteElo "1846"]
[BlackElo "2055"]
[PlyCount "101"]
[EventDate "2015.10.11"]
[EventType "team-tourn"]
[EventRounds "9"]
[EventCountry "GER"]
[SourceTitle "EXT 2023"]
[Source "ChessBase"]
[SourceDate "2022.10.05"]
[SourceVersion "1"]
[SourceVersionDate "2022.10.05"]
[SourceQuality "1"]
[WhiteTeam "Ergolding"]
[BlackTeam "Landshut"]
[WhiteTeamCountry "GER"]
[BlackTeamCountry "GER"]

1. d4 c6 2. c4 d6 3. Nf3 Nf6 4. g3 g6 5. Bg2 Bg7 6. 0-0 0-0 7. Nc3 Nbd7 8. e4 e5 9. dxe5 dxe5 10. Qc2 Re8 11. h3 Qe7 12. Be3 Nc5 13. Rad1 a5 14. Bxc5 Qxc5 15. Na4 Qb4 16. a3 Qe7 17. Nb6 Rb8 18. c5 Nh5 19. Nxc8 Rbxc8 20. h4 Rcd8 21. b4 axb4 22. axb4 Nf6 23. Nd2 Rd4 24. Nc4 Qe6 25. Nd6 Rb8 26. Rxd4 exd4 27. Qc4 Qe7 28. Qxd4 Ne8 29. Qd3 Rd8 30. Rd1 Be5 31. f4 Bxd6 32. cxd6 Rxd6 33. Qe2 Rxd1+ 34. Qxd1 Qxb4 35. Qd7 Nf6 36. Qc8+ Kg7 37. e5 Nh5 38. Kh2 Qe1 39. Qg4 Qf2 40. Kh3 h6 41. Be4 Qf1+ 42. Kh2 Qf2+ 43. Kh3 Qe3 44. f5 Nxg3 45. f6+ Kg8 46. Bxg6 Ne4+ 47. Kg2 Qd2+ 48. Kf3 Qd1+ 49. Kf4 Qxg4+ 50. Kxg4 fxg6 51. h5 0-1

[Event "Niederbayernliga 1415"]
[Site "Bayern"]
[Date "2015.02.22"]
[Round "7.1"]
[White "Heyne, Martin"]
[Black "Simin, Vladimir"]
[Result "1/2-1/2"]
[WhiteElo "2049"]
[BlackElo "1883"]
[PlyCount "97"]
[EventDate "2014.10.19"]
[EventType "team-tourn"]
[EventRounds "9"]
[EventCountry "GER"]
[SourceTitle "EXT 2023"]
[Source "ChessBase"]
[SourceDate "2022.10.05"]
[SourceVersion "1"]
[SourceVersionDate "2022.10.05"]
[SourceQuality "1"]
[WhiteTeam "Schaibing"]
[BlackTeam "Ergolding"]
[WhiteTeamCountry "GER"]
[BlackTeamCountry "GER"]

1. e4 e6 2. d4 d5 3. Nd2 Nf6 4. e5 Nfd7 5. Bd3 c5 6. c3 Nc6 7. Ne2 Qa5 8. 0-0 b5 9. f4 g6 10. Nb3 Qa4 11. Bc2 Qa6 12. dxc5 Nxc5 13. Be3 Na4 14. Rb1 Bd7 15. Ned4 Qb7 16. Nxc6 Qxc6 17. Nd4 Qc7 18. Bd3 a6 19. Nc2 Be7 20. Bd4 Nc5 21. Ne3 h5 22. Nxd5 exd5 23. e6 Bxe6 24. Bxh8 Nxd3 25. Qxd3 Bf5 26. Qxd5 Qc5+ 27. Qxc5 Bxc5+ 28. Bd4 Bxd4+ 29. cxd4 Bxb1 30. Rxb1 Rc8 31. Re1+ Kd7 32. Kf2 Kd6 33. Kf3 f6 34. Re2 Rc7 35. Ke3 Kd5 36. Kd3 Rc4 37. Re4 b4 38. h3 h4 39. f5 gxf5 40. Rf4 Rc1 41. Rxf5+ Ke6 42. Ra5 Rg1 43. Rxa6+ Kf5 44. Rb6 Rxg2 45. Rxb4 Rg3+ 46. Ke2 Rxh3 47. Kf2 Rh2+ 48. Kg1 Rd2 49. d5 1/2-1/2

[Event "Niederbayernliga 1415"]
[Site "Bayern"]
[Date "2015.01.18"]
[Round "5.1"]
[White "Theiss, Johann"]
[Black "Simin, Vladimir"]
[Result "1/2-1/2"]
[WhiteElo "1991"]
[BlackElo "1883"]
[PlyCount "57"]
[EventDate "2014.10.19"]
[EventType "team-tourn"]
[EventRounds "9"]
[EventCountry "GER"]
[SourceTitle "EXT 2023"]
[Source "ChessBase"]
[SourceDate "2022.10.05"]
[SourceVersion "1"]
[SourceVersionDate "2022.10.05"]
[SourceQuality "1"]
[WhiteTeam "Landau Dingolfing"]
[BlackTeam "Ergolding"]
[WhiteTeamCountry "GER"]
[BlackTeamCountry "GER"]

1. d4 e6 2. c4 c5 3. d5 Nf6 4. Nc3 b5 5. Nxb5 exd5 6. cxd5 Ba6 7. Nc3 g6 8. Nf3 Bg7 9. Nd2 0-0 10. g3 d6 11. e4 Bxf1 12. Kxf1 Nbd7 13. Nc4 Qe7 14. Qc2 Ng4 15. Kg2 f5 16. h3 Nge5 17. Nxe5 Nxe5 18. f4 Nc4 19. Qd3 Bxc3 20. Qxc4 Bd4 21. Re1 fxe4 22. Be3 Bxb2 23. Rab1 Rab8 24. Bd2 Rfe8 25. Qc2 Bd4 26. Rxe4 Rxb1 27. Rxe7 Rg1+ 28. Kf3 Rxe7 29. Qc4 1/2-1/2

[Event "Niederbayernliga 1314"]
[Site "Bayern"]
[Date "2014.??.??"]
[Round "5"]
[White "Grum, Theodor"]
[Black "Simin, Vladimir"]
[Result "0-1"]
[WhiteElo "1848"]
[BlackElo "1883"]
[PlyCount "104"]
[EventDate "2013.10.13"]
[EventType "team-tourn"]
[EventRounds "9"]
[EventCountry "GER"]
[SourceTitle "EXT 2023"]
[Source "ChessBase"]
[SourceDate "2022.10.05"]
[SourceVersion "1"]
[SourceVersionDate "2022.10.05"]
[SourceQuality "1"]
[WhiteTeam "Grafenau"]
[BlackTeam "Ergolding"]
[WhiteTeamCountry "GER"]
[BlackTeamCountry "GER"]

1. e4 e5 2. Nf3 Nc6 3. Bb5 Nf6 4. d3 Bc5 5. 0-0 d6 6. c3 0-0 7. Re1 h6 8. h3 Bd7 9. Nbd2 a6 10. Ba4 b5 11. Bc2 b4 12. Nf1 Ne7 13. d4 exd4 14. cxd4 Bb6 15. Nh4 Ng6 16. Nxg6 fxg6 17. Be3 Nh5 18. Qd2 g5 19. e5 Nf4 20. Bxf4 Rxf4 21. Re4 Rxe4 22. Bxe4 Rc8 23. Bd5+ Kh8 24. e6 Be8 25. Ne3 Qf6 26. Bb7 Rb8 27. Bxa6 Qxe6 28. Bc4 Qe4 29. Bd3 Qxd4 30. Rd1 Bd7 31. Qe2 Qe5 32. Qh5 Be8 33. Qf3 Bd7 34. Nc4 Qf6 35. Qe4 Bxf2+ 36. Kh1 g6 37. Rf1 Re8 38. Qd5 g4 39. Nd2 Re1 40. Ne4 Rxf1+ 41. Bxf1 Qf8 42. Qd2 Bc5 43. Nxc5 Qxf1+ 44. Kh2 dxc5 45. Qxd7 Qf4+ 46. Kg1 Qe3+ 47. Kf1 Qc1+ 48. Kf2 Qxb2+ 49. Kg3 Qe5+ 50. Kh4 Qg5+ 51. Kg3 gxh3+ 52. Kf2 Qf5+ 0-1

[Event "Niederbayernliga 1314"]
[Site "Bayern"]
[Date "2014.??.??"]
[Round "6"]
[White "Mauritz, Guenther"]
[Black "Simin, Vladimir"]
[Result "1-0"]
[WhiteElo "1848"]
[BlackElo "1883"]
[PlyCount "97"]
[EventDate "2013.10.13"]
[EventType "team-tourn"]
[EventRounds "9"]
[EventCountry "GER"]
[SourceTitle "EXT 2023"]
[Source "ChessBase"]
[SourceDate "2022.10.05"]
[SourceVersion "1"]
[SourceVersionDate "2022.10.05"]
[SourceQuality "1"]
[WhiteTeam "Aidenbach"]
[BlackTeam "Ergolding"]
[WhiteTeamCountry "GER"]
[BlackTeamCountry "GER"]

1. e4 c5 2. Nf3 d6 3. d4 cxd4 4. Nxd4 Nf6 5. Nc3 e5 6. Bb5+ Bd7 7. Bxd7+ Nbxd7 8. Nf5 Nc5 9. Qf3 g6 10. Ne3 Ne6 11. Ned5 Bg7 12. Nxf6+ Qxf6 13. Qxf6 Bxf6 14. Nd5 Bd8 15. Be3 f5 16. exf5 gxf5 17. g3 Nc7 18. 0-0-0 Kf7 19. Rhe1 Ke6 20. Nf4+ Ke7 21. Nd3 a5 22. Bg5+ Ke6 23. Bd2 Bf6 24. Nf4+ Kf7 25. Nh5 Be7 26. f4 Kg6 27. g4 fxg4 28. Ng3 Bf6 29. Bc3 Nd5 30. fxe5 Nxc3 31. Rxd6 Nd5 32. exf6 Rad8 33. Rxd8 Rxd8 34. c4 Nxf6 35. Re6 Rd4 36. b3 Kf7 37. Rb6 Rd7 38. Rb5 Kg6 39. Rxa5 h5 40. Re5 h4 41. Nf1 Rd3 42. Re6 g3 43. hxg3 hxg3 44. Ne3 Kg5 45. Ng2 Kf5 46. Re7 Rf3 47. Nh4+ Kg4 48. Nxf3 Kxf3 49. Rf7 1-0

[Event "Niederbayernliga 1314"]
[Site "Bayern"]
[Date "2014.??.??"]
[Round "7"]
[White "Simin, Vladimir"]
[Black "Heyne, Martin"]
[Result "1/2-1/2"]
[WhiteElo "1883"]
[BlackElo "2049"]
[PlyCount "46"]
[EventDate "2013.10.13"]
[EventType "team-tourn"]
[EventRounds "9"]
[EventCountry "GER"]
[SourceTitle "EXT 2023"]
[Source "ChessBase"]
[SourceDate "2022.10.05"]
[SourceVersion "1"]
[SourceVersionDate "2022.10.05"]
[SourceQuality "1"]
[WhiteTeam "Ergolding"]
[BlackTeam "Schaibing"]
[WhiteTeamCountry "GER"]
[BlackTeamCountry "GER"]

1. e4 c6 2. d4 d5 3. e5 Bf5 4. Nf3 e6 5. Be3 Qb6 6. b3 c5 7. c3 Nc6 8. Be2 cxd4 9. Nxd4 Nxd4 10. Bxd4 Bc5 11. 0-0 Ne7 12. a4 Bxd4 13. Bb5+ Nc6 14. Qxd4 Qxd4 15. cxd4 Ke7 16. Bxc6 bxc6 17. Nd2 Rhb8 18. Rfc1 Kd7 19. Rc3 Rb4 20. Rac1 Rc8 21. Nf3 Be4 22. Kf1 Bxf3 23. Rxf3 Ke7 1/2-1/2

[Event "Niederbayernliga 1213"]
[Site "Bayern"]
[Date "2013.??.??"]
[Round "8"]
[White "Simin, Vladimir"]
[Black "Popp, Michael"]
[Result "1/2-1/2"]
[WhiteElo "1883"]
[BlackElo "2010"]
[PlyCount "48"]
[EventDate "2012.10.14"]
[EventType "team-tourn"]
[EventRounds "9"]
[EventCountry "GER"]
[SourceTitle "EXT 2023"]
[Source "ChessBase"]
[SourceDate "2022.10.05"]
[SourceVersion "1"]
[SourceVersionDate "2022.10.05"]
[SourceQuality "1"]
[WhiteTeam "Ergolding"]
[BlackTeam "Geiselhoering"]
[WhiteTeamCountry "GER"]
[BlackTeamCountry "GER"]

1. d4 Nf6 2. c4 e6 3. Nf3 c5 4. d5 exd5 5. cxd5 d6 6. Nc3 g6 7. Bg5 Bg7 8. Qd2 h6 9. Bh4 g5 10. Bg3 Nh5 11. e4 Qe7 12. Bb5+ Nd7 13. 0-0 Nxg3 14. fxg3 0-0 15. Bxd7 Bxd7 16. a4 b6 17. h3 a6 18. Rae1 Rfe8 19. Kh2 b5 20. e5 dxe5 21. d6 Qe6 22. Nd5 Qxd6 23. Nxg5 Qg6 24. Nxf7 Ra7 1/2-1/2

[Event "Niederbayernliga 1011"]
[Site "Germany"]
[Date "2011.02.06"]
[Round "6.2"]
[White "Simin, Vladimir"]
[Black "Valenza, Guiseppe"]
[Result "1-0"]
[WhiteElo "1920"]
[BlackElo "1782"]
[PlyCount "95"]
[EventDate "2010.10.10"]
[EventType "team-tourn"]
[EventRounds "9"]
[EventCountry "GER"]
[SourceTitle "EXT 2012"]
[Source "ChessBase"]
[SourceDate "2011.11.24"]
[SourceVersion "1"]
[SourceVersionDate "2011.11.24"]
[SourceQuality "1"]
[WhiteTeam "Ergolding"]
[BlackTeam "Aham"]
[WhiteTeamCountry "GER"]
[BlackTeamCountry "GER"]

1. e4 c5 2. Nf3 d6 3. d4 cxd4 4. Nxd4 Nf6 5. Nc3 a6 6. Bc4 e6 7. Be3 b5 8. Bb3 b4 9. Na4 Nxe4 10. Qf3 d5 11. 0-0-0 Bd7 12. Ne2 Bxa4 13. Bxa4+ Nd7 14. Nf4 Nef6 15. Nxd5 exd5 16. Rxd5 Nxd5 17. Qxd5 Bd6 18. Qxd6 Qe7 19. Qd5 Rd8 20. Rd1 Qe6 21. Qxe6+ fxe6 22. Bb6 Ke7 23. Bxd8+ Rxd8 24. Bxd7 Rxd7 25. Rxd7+ Kxd7 26. Kd2 Kd6 27. f4 Kd5 28. Kd3 h6 29. c4+ bxc3 30. bxc3 g5 31. c4+ Kc5 32. g3 gxf4 33. gxf4 a5 34. a3 h5 35. h4 a4 36. Kc3 Kc6 37. Kb4 Kd6 38. Kxa4 Kc5 39. Kb3 Kc6 40. Kb4 Kd6 41. c5+ Kc6 42. a4 Kb7 43. Kb5 Kc7 44. a5 Kb7 45. c6+ Kb8 46. Kb6 e5 47. fxe5 Kc8 48. e6 1-0

[Event "Niederbayernliga 1011"]
[Site "Germany"]
[Date "2010.12.12"]
[Round "4.2"]
[White "Simin, Vladimir"]
[Black "Ott, Anton"]
[Result "1-0"]
[WhiteElo "1920"]
[BlackElo "1925"]
[PlyCount "87"]
[EventDate "2010.10.10"]
[EventType "team-tourn"]
[EventRounds "9"]
[EventCountry "GER"]
[SourceTitle "EXT 2012"]
[Source "ChessBase"]
[SourceDate "2011.11.24"]
[SourceVersion "1"]
[SourceVersionDate "2011.11.24"]
[SourceQuality "1"]
[WhiteTeam "Ergolding"]
[BlackTeam "Roehrnbach"]
[WhiteTeamCountry "GER"]
[BlackTeamCountry "GER"]

1. d4 Nf6 2. c4 c6 3. Nf3 d5 4. g3 Bf5 5. Bg2 e6 6. 0-0 Nbd7 7. Nc3 Be7 8. Bf4 Ne4 9. Qb3 Qb6 10. c5 Qa6 11. Rfe1 b6 12. cxb6 axb6 13. Ne5 Nxe5 14. Bxe5 f6 15. Bf4 Nxc3 16. Qxc3 Kf7 17. e4 Bg6 18. exd5 cxd5 19. Rxe6 Rhc8 20. Qe3 Be4 21. Bxe4 dxe4 22. Qxe4 Bf8 23. a3 Qb5 24. Re1 Rd8 25. Qb7+ Qd7 26. Rxb6 Qxb7 27. Rxb7+ Kg6 28. Be3 Rd5 29. Rc1 Bd6 30. Kg2 h5 31. h4 Ra4 32. Rd7 Ra6 33. Rc4 Rb5 34. Rc2 Bf8 35. Bd2 Ra8 36. Bc3 Kf5 37. Re2 Rc8 38. Ra7 Rd5 39. a4 g6 40. a5 Rb5 41. a6 Rb6 42. Rf7 Rxa6 43. Re5+ Kg4 44. f3# 1-0

[Event "Niederbayernliga 0910"]
[Site "Germany"]
[Date "2010.03.21"]
[Round "8.2"]
[White "Grum, Theodor"]
[Black "Simin, Vladimir"]
[Result "0-1"]
[WhiteElo "1772"]
[BlackElo "1844"]
[PlyCount "76"]
[EventDate "2009.10.18"]
[EventType "team-tourn"]
[EventRounds "9"]
[EventCountry "GER"]
[SourceTitle "EXT 2011"]
[Source "ChessBase"]
[SourceDate "2010.11.26"]
[SourceVersion "1"]
[SourceVersionDate "2010.11.26"]
[SourceQuality "1"]
[WhiteTeam "Grafenau"]
[BlackTeam "Ergolding"]
[WhiteTeamCountry "GER"]
[BlackTeamCountry "GER"]

1. e4 e6 2. d3 d5 3. Nd2 Nf6 4. Ngf3 c5 5. g3 Nc6 6. Bg2 Be7 7. 0-0 Qc7 8. Re1 Bd7 9. exd5 Nxd5 10. Nc4 0-0-0 11. Nce5 Nxe5 12. Nxe5 Be8 13. Qe2 f6 14. Nc4 Bf7 15. Bh3 f5 16. Ne5 Be8 17. Nf3 Bf7 18. c4 Nb4 19. Ne5 Bg8 20. a3 Nc6 21. Nxc6 Qxc6 22. Bf4 Bf6 23. Be5 Bf7 24. b4 Qd7 25. Rad1 Bxe5 26. Qxe5 Qd4 27. Qxd4 Rxd4 28. Re5 cxb4 29. axb4 Rhd8 30. Bf1 Rxc4 31. Ra1 Rxb4 32. Rxa7 Rb1 33. Kg2 Kb8 34. Raa5 g5 35. Be2 g4 36. Rab5 Rxb5 37. Rxb5 Be8 38. h3 Bxb5 0-1

[Event "Niederbayernliga 0910"]
[Site "Germany"]
[Date "2009.10.18"]
[Round "1.2"]
[White "Simin, Vladimir"]
[Black "Schubert, Werner"]
[Result "1/2-1/2"]
[WhiteElo "1844"]
[BlackElo "1978"]
[PlyCount "55"]
[EventDate "2009.10.18"]
[EventType "team-tourn"]
[EventRounds "9"]
[EventCountry "GER"]
[SourceTitle "EXT 2011"]
[Source "ChessBase"]
[SourceDate "2010.11.26"]
[SourceVersion "1"]
[SourceVersionDate "2010.11.26"]
[SourceQuality "1"]
[WhiteTeam "Ergolding"]
[BlackTeam "Geiselhoering"]
[WhiteTeamCountry "GER"]
[BlackTeamCountry "GER"]

1. d4 d5 2. c4 c6 3. Nf3 Nf6 4. Bf4 e6 5. e3 Qa5+ 6. Nbd2 Nbd7 7. a3 dxc4 8. Bxc4 b5 9. b4 Qb6 10. Bd3 a5 11. 0-0 axb4 12. axb4 Rxa1 13. Qxa1 Bxb4 14. Rb1 Nd5 15. Ne4 0-0 16. Bd6 Bxd6 17. Nxd6 Qc7 18. Ne4 Bb7 19. Rc1 Ra8 20. Qb2 Qb8 21. Ne5 Nxe5 22. dxe5 Ra4 23. Nd6 g6 24. e4 Nb4 25. Bf1 Qa7 26. Qd2 Ba8 27. Qg5 Qd7 28. Bxb5 1/2-1/2

[Event "Niederbayernliga 0809"]
[Site "Germany"]
[Date "2009.03.15"]
[Round "8.3"]
[White "Wolf, Andreas"]
[Black "Simin, Vladimir"]
[Result "1-0"]
[WhiteElo "1908"]
[BlackElo "1854"]
[PlyCount "131"]
[EventDate "2008.10.05"]
[EventType "team-tourn"]
[EventRounds "9"]
[EventCountry "GER"]
[SourceTitle "EXT 2010"]
[Source "ChessBase"]
[SourceDate "2010.11.25"]
[SourceVersion "1"]
[SourceVersionDate "2010.11.25"]
[SourceQuality "1"]
[WhiteTeam "Grafenau"]
[BlackTeam "Ergolding"]
[WhiteTeamCountry "GER"]
[BlackTeamCountry "GER"]

1. e4 e6 2. d4 d5 3. Nc3 Bb4 4. Bd2 Nf6 5. e5 Nfd7 6. Qg4 Bf8 7. Nf3 a6 8. Bg5 f5 9. Qh4 Be7 10. Qh5+ g6 11. Qh6 Bxg5 12. Nxg5 Qe7 13. Be2 Nc6 14. 0-0-0 Nf8 15. g4 fxg4 16. h3 Nd8 17. hxg4 Nf7 18. Nxf7 Qxf7 19. Rh3 Bd7 20. Rf3 Qe7 21. g5 0-0-0 22. Rf6 Rg8 23. Bg4 c5 24. Ne2 Kb8 25. dxc5 Qxc5 26. Nd4 Qc7 27. f4 Rc8 28. Qh3 Qa5 29. Kb1 Ba4 30. b3 Rc3 31. Rd3 Rxd3 32. Qxd3 Nd7 33. bxa4 Nxf6 34. Bxe6 Qb6+ 35. Kc1 Re8 36. gxf6 Rxe6 37. f7 Rf6 38. exf6 Qxf6 39. Qe3 Qxf7 40. Qe5+ Ka7 41. Ne6 h5 42. Qxd5 h4 43. Qd4+ Kb8 44. Qd6+ Ka7 45. a5 h3 46. Nc7 h2 47. Qb6+ Kb8 48. Nxa6+ Kc8 49. Qc5+ Kd8 50. Qd4+ Kc8 51. Qh8+ Kd7 52. Nc5+ Kc6 53. Qxh2 Kxc5 54. Qg1+ Kc4 55. Qe3 Kb4 56. Qb3+ Qxb3 57. cxb3 Kxa5 58. a3 Kb5 59. Kd2 Kc5 60. Ke3 Kd5 61. Kd3 b6 62. Ke3 b5 63. Kd3 Kc5 64. Ke4 Kd6 65. Kd4 Kc6 66. a4 1-0

[Event "Niederbayernliga 0809"]
[Site "Germany"]
[Date "2009.01.18"]
[Round "5.1"]
[White "Simin, Vladimir"]
[Black "Huwa, Walter"]
[Result "0-1"]
[WhiteElo "1854"]
[BlackElo "2125"]
[PlyCount "94"]
[EventDate "2008.10.05"]
[EventType "team-tourn"]
[EventRounds "9"]
[EventCountry "GER"]
[SourceTitle "EXT 2010"]
[Source "ChessBase"]
[SourceDate "2010.11.25"]
[SourceVersion "1"]
[SourceVersionDate "2010.11.25"]
[SourceQuality "1"]
[WhiteTeam "Ergolding"]
[BlackTeam "Straubing"]
[WhiteTeamCountry "GER"]
[BlackTeamCountry "GER"]

1. d4 Nf6 2. c4 g6 3. Nc3 Bg7 4. e4 d6 5. f3 0-0 6. Bg5 Nc6 7. Qd2 a6 8. Nge2 Rb8 9. a4 Re8 10. d5 Na5 11. Nc1 c5 12. Bd3 e6 13. 0-0 b6 14. Ra3 exd5 15. Nxd5 Be6 16. Ne2 Bxd5 17. exd5 Qc7 18. Ng3 Nd7 19. f4 h6 20. Bh4 Nf6 21. h3 Qe7 22. Rf3 Qe1+ 23. Qxe1 Rxe1+ 24. Rf1 Re3 25. Rf3 Rxf3 26. gxf3 Ne8 27. Ne4 Bxb2 28. Ra2 Bd4+ 29. Bf2 Nb3 30. f5 gxf5 31. Ng3 Ng7 32. Bxf5 Re8 33. Bd3 Re1+ 34. Kg2 Nc1 35. Bxe1 Nxa2 36. Ne4 Nc1 37. Bc2 Be5 38. Bd2 Ne2 39. Bxh6 Nf5 40. Bg5 Nfd4 41. Bd1 Nf4+ 42. Kf1 Nd3 43. Be7 Nb2 44. Ke1 Nxc4 45. Be2 Nxe2 46. Kxe2 f5 47. Nf6+ Kf7 0-1

[Event "Niederbayernliga 0809"]
[Site "Germany"]
[Date "2008.10.26"]
[Round "2.2"]
[White "Simin, Vladimir"]
[Black "Theiss, Johann"]
[Result "1-0"]
[WhiteElo "1854"]
[BlackElo "1965"]
[PlyCount "93"]
[EventDate "2008.10.05"]
[EventType "team-tourn"]
[EventRounds "9"]
[EventCountry "GER"]
[SourceTitle "EXT 2010"]
[Source "ChessBase"]
[SourceDate "2010.11.25"]
[SourceVersion "1"]
[SourceVersionDate "2010.11.25"]
[SourceQuality "1"]
[WhiteTeam "Ergolding"]
[BlackTeam "Adlkofen"]
[WhiteTeamCountry "GER"]
[BlackTeamCountry "GER"]

1. e4 c5 2. Nf3 a6 3. d4 cxd4 4. Nxd4 e5 5. Nb3 Nf6 6. Bg5 h6 7. Bxf6 Qxf6 8. Be2 Nc6 9. 0-0 Qd8 10. Nc3 Be7 11. Nd5 0-0 12. Qd3 Bg5 13. Bg4 g6 14. Rad1 h5 15. Bh3 b5 16. g3 Kg7 17. f4 Bh6 18. f5 Bg5 19. Rf3 d6 20. f6+ Kh7 21. Bxc8 Rxc8 22. h4 Bh6 23. c3 Qd7 24. Kg2 Rb8 25. Ne7 Rfd8 26. Qd5 Nxe7 27. fxe7 Re8 28. Rxf7+ Bg7 29. Qxd6 Qxd6 30. Rxd6 a5 31. Nxa5 Ra8 32. b4 Rac8 33. Rf3 Rxe7 34. Rb6 Rec7 35. Rxb5 Rxc3 36. Rxc3 Rxc3 37. a4 Ra3 38. Rb7 Rxa4 39. Nc6 Kh6 40. Kf3 Ra3+ 41. Kg2 Re3 42. Nd8 Bf6 43. Nf7+ Kg7 44. Kf2 Rb3 45. Nxe5+ Kh6 46. Nf7+ Kg7 47. e5 1-0